[Event "VI Open Gelso Bianco A"]
[Site "Catania ITA"]
[Date "1995.08.11"]
[Round "6"]
[White "Mifsud, Timothy"]
[Black "Marinelli, Tullio"]
[Result "0-1"]
[WhiteElo "2165"]
[BlackElo "2440"]
[PlyCount "56"]
[EventDate "1995.08.06"]

1.e4 c5 2.Nf3 d6 3.d4 cxd4 4.Nxd4 Nf6 5.Nc3 a6 6.Bc4 e6 7.Bb3 Nbd7 8.f4 
Nc5 9.f5 e5 10.Nf3 h6 11.O-O Nxb3 12.axb3 b5 13.Qd3 Bb7 14.h3 Be7 15.Re1 
Rc8 16.Nd2 Qb6+ 17.Kh1 Qd4 18.Qg3 b4 19.Nf3 Qc5 20.Be3 Qc6 21.Nd5 Nxe4 22.
Qxg7 Qxd5 23.Qxh8+ Kd7 24.Qh7 Rxc2 25.Qg7 Bg5 26.Kh2 Ng3 27.Rg1 Nxf5 28.
Nxe5+ dxe5 0-1

[Event "VI Open Gelso Bianco A"]
[Site "Catania ITA"]
[Date "1995.08.11"]
[Round "6"]
[White "Miljanic, Boro"]
[Black "Nurkic, Sahbaz"]
[Result "1-0"]
[WhiteElo "2380"]
[BlackElo "2420"]
[PlyCount "60"]
[EventDate "1995.08.06"]

1.e4 g6 2.d4 Bg7 3.Nc3 c6 4.Bc4 d5 5.exd5 b5 6.Bd3 b4 7.Nce2 cxd5 8.a3 
bxa3 9.Rxa3 Nh6 10.h3 O-O 11.Nf3 Nf5 12.O-O Nc6 13.c3 Nd6 14.Bf4 f6 15.Qb3
Nf7 16.Qb5 Qd7 17.c4 dxc4 18.Bxc4 e5 19.Bd5 Bb7 20.dxe5 fxe5 21.Be3 Kh8 
22.Rb3 Nd6 23.Qa4 Rac8 24.Ng5 Rfe8 25.Nc3 Bf6 26.Nge4 Nxe4 27.Bxe4 Ba8 28.
Rd1 Qf7 29.Bd5 Qc7 30.Ne4 Nd4 1-0

[Event "VI Open Gelso Bianco A"]
[Site "Catania ITA"]
[Date "1995.08.11"]
[Round "6"]
[White "Ortega Izquierdo, Alejandro"]
[Black "Gueci, Riccardo"]
[Result "1-0"]
[WhiteElo "2330"]
[BlackElo "2175"]
[PlyCount "65"]
[EventDate "1995.08.06"]

1.d4 Nf6 2.Nf3 g6 3.c4 Bg7 4.g3 O-O 5.Bg2 d6 6.O-O Nbd7 7.Nc3 e5 8.e4 exd4
9.Nxd4 Re8 10.h3 Nc5 11.Re1 a5 12.Qc2 Nfxe4 13.Nxe4 Bxd4 14.Bg5 Qd7 15.
Nf6+ Bxf6 16.Bxf6 Re6 17.Qc3 c6 18.Rad1 Qc7 19.h4 h5 20.b3 Rxe1+ 21.Rxe1 
Be6 22.Qd2 Nd7 23.Be7 d5 24.Qh6 Bf5 25.cxd5 cxd5 26.Bxd5 Qc3 27.Re3 Qa1+ 
28.Kg2 Qd4 29.Bxb7 Re8 30.Bc5 Qxc5 31.Rxe8+ Nf8 32.Qe3 Qb5 33.Qe7 1-0

[Event "VI Open Gelso Bianco A"]
[Site "Catania ITA"]
[Date "1995.08.11"]
[Round "6"]
[White "Parrella, Alfredo"]
[Black "Bellincampi, Stefano"]
[Result "0-1"]
[WhiteElo "2225"]
[BlackElo "2060"]
[PlyCount "74"]
[EventDate "1995.08.06"]

1.c4 e6 2.Nc3 d5 3.cxd5 exd5 4.d4 c6 5.Nf3 Bd6 6.Qc2 Ne7 7.Bg5 f6 8.Bh4 
Bf5 9.Qd2 Bg6 10.Bg3 Nf5 11.Bxd6 Nxd6 12.b3 Na6 13.Nh4 Bh5 14.e3 Nc7 15.
Bd3 Qe7 16.Qc2 Ne6 17.Kd2 g6 18.Nf3 Bg4 19.Rae1 Kd7 20.Re2 Ng5 21.Nxg5 
Bxe2 22.Bxe2 fxg5 23.Bg4+ Kd8 24.Rc1 Ne4+ 25.Nxe4 Qxe4 26.Qd1 Qxg2 27.Qe2 
Rf8 28.f3 Qxe2+ 29.Kxe2 Kc7 30.e4 dxe4 31.fxe4 Rf4 32.Bf3 Raf8 33.Rf1 g4 
34.Bg2 Rxf1 35.Bxf1 h5 36.Bg2 h4 37.e5 g3 0-1

[Event "VI Open Gelso Bianco A"]
[Site "Catania ITA"]
[Date "1995.08.11"]
[Round "6"]
[White "Sax, Gyula"]
[Black "Bouaziz, Slim"]
[Result "1-0"]
[WhiteElo "2550"]
[BlackElo "2435"]
[PlyCount "79"]
[EventDate "1995.08.06"]

1.e4 c5 2.Nf3 Nf6 3.e5 Nd5 4.Nc3 e6 5.Ne4 f5 6.Nc3 Nxc3 7.dxc3 Qc7 8.Bf4 
Nc6 9.h4 b6 10.Qd2 Bb7 11.O-O-O a6 12.Be2 Ne7 13.h5 Nd5 14.Bg3 c4 15.Nd4 
Ne7 16.Bf3 Bxf3 17.Nxf3 Nc6 18.Bf4 Be7 19.Rhg1 Rf8 20.g4 O-O-O 21.Kb1 fxg4
22.Rxg4 Rf7 23.Ng5 Bxg5 24.Bxg5 Rdf8 25.f4 Rf5 26.h6 g6 27.Qe3 R8f7 28.a3 
Kb7 29.Rd6 b5 30.Rg2 Qb6 31.Qe4 Kc7 32.Rgd2 Qc5 33.Rd1 a5 34.R1d2 a4 35.
Rd1 Qb6 36.Bd8+ Kxd8 37.Rxc6 Qb7 38.Qg2 Rxf4 39.Qg5+ Ke8 40.Rxe6+ 1-0

[Event "VI Open Gelso Bianco A"]
[Site "Catania ITA"]
[Date "1995.08.11"]
[Round "6"]
[White "Szekely, Peter"]
[Black "Conquest, Stuart C."]
[Result "0-1"]
[WhiteElo "2435"]
[BlackElo "2455"]
[PlyCount "77"]
[EventDate "1995.08.06"]

1.Nf3 Nf6 2.c4 e6 3.g3 a6 4.b3 b5 5.Nc3 b4 6.Na4 Bb7 7.Bg2 Be7 8.O-O O-O 
9.Bb2 d6 10.Qc2 Nbd7 11.Rad1 Qc8 12.Rfe1 c5 13.e3 Bc6 14.d4 Qb7 15.Qe2 Ne4
16.dxc5 Nexc5 17.Nxc5 Nxc5 18.Bd4 Rfe8 19.Bxc5 dxc5 20.Rd2 a5 21.Red1 a4 
22.Ne1 axb3 23.axb3 Ra3 24.Bxc6 Qxc6 25.Qd3 h5 26.Nc2 Ra7 27.Qe2 g6 28.e4 
h4 29.Ne1 Ra3 30.Rd3 Rea8 31.Nf3 hxg3 32.hxg3 Kg7 33.Qe3 Ra2 34.Ne5 Rb8 
35.Qf4 Qe8 36.Nf3 Rc2 37.g4 Rxc4 38.Rd7 Qh8 39.Kg2 0-1

[Event "VI Open Gelso Bianco A"]
[Site "Catania ITA"]
[Date "1995.08.11"]
[Round "6"]
[White "Zlochevskij, Alexander"]
[Black "Manca, Federico"]
[Result "1/2-1/2"]
[WhiteElo "2465"]
[BlackElo "2355"]
[PlyCount "33"]
[EventDate "1995.08.06"]

1.Nf3 g6 2.e4 Bg7 3.d4 d6 4.c3 Nf6 5.Bd3 O-O 6.O-O Nc6 7.d5 Nb8 8.c4 Bg4 
9.Be3 c6 10.Nc3 a5 11.h3 Bxf3 12.Qxf3 Na6 13.Rfe1 Nd7 14.Rac1 a4 15.Qe2 
Qa5 16.Bd2 Ndc5 17.Bc2 1/2-1/2

[Event "VI Open Gelso Bianco A"]
[Site "Catania ITA"]
[Date "1995.08.12"]
[Round "7"]
[White "Adla, Diego Gustavo"]
[Black "Vukovic, Ivo"]
[Result "0-1"]
[WhiteElo "2440"]
[BlackElo "2285"]
[PlyCount "78"]
[EventDate "1995.08.06"]

1.d4 d5 2.c4 e6 3.Nc3 Be7 4.Nf3 Nf6 5.Bg5 O-O 6.e3 Nbd7 7.Qc2 b6 8.cxd5 
exd5 9.Bd3 Bb7 10.O-O-O Ne4 11.h4 f5 12.Kb1 Rc8 13.Bf4 c5 14.dxc5 Ndxc5 
15.Be5 Bf6 16.Bxf6 Qxf6 17.Nd4 Nxd3 18.Rxd3 Ba6 19.Rdd1 Rc5 20.Rc1 Nxc3+ 
21.bxc3 Bc4 22.Kb2 b5 23.h5 a5 24.g3 b4 25.Ka1 Ba6 26.Qd2 Rc4 27.cxb4 axb4
28.Rb1 Rfc8 29.Rb2 Rc3 30.Rd1 Bc4 31.Qe1 Bxa2 32.Rxa2 b3 33.Ra4 b2+ 34.
Kxb2 Qb6+ 35.Ka1 Qc5 36.Ra2 Ra3 37.Qd2 Rca8 38.Rxa3 Qxa3+ 39.Kb1 Rb8+ 0-1

[Event "VI Open Gelso Bianco A"]
[Site "Catania ITA"]
[Date "1995.08.12"]
[Round "7"]
[White "Bellincampi, Stefano"]
[Black "Bellia, Fabrizio"]
[Result "0-1"]
[WhiteElo "2060"]
[BlackElo "2300"]
[PlyCount "74"]
[EventDate "1995.08.06"]

1.d4 Nf6 2.c4 g6 3.Nc3 Bg7 4.e4 O-O 5.f3 c5 6.d5 e6 7.Bg5 exd5 8.cxd5 Re8 
9.Nge2 d6 10.Qd2 Na6 11.Ng3 Nc7 12.Be2 Bd7 13.a4 a6 14.O-O b5 15.axb5 Nxb5
16.Nxb5 axb5 17.Rfc1 Qe7 18.Bf1 h5 19.Nh1 Qf8 20.Nf2 Nh7 21.Be3 f5 22.Kh1 
Qf6 23.exf5 gxf5 24.Nd1 b4 25.Bc4 Nf8 26.h3 Ng6 27.Rxa8 Rxa8 28.b3 Ne5 29.
Bg5 Qg6 30.f4 Nxc4 31.Rxc4 Ra3 32.Qc2 Bb5 33.Ne3 Bxc4 34.Nxc4 Ra1+ 35.Kh2 
Bd4 36.Qe2 h4 37.Ne3 Qe8 0-1

[Event "VI Open Gelso Bianco A"]
[Site "Catania ITA"]
[Date "1995.08.12"]
[Round "7"]
[White "Bouaziz, Slim"]
[Black "Cherniaev, Alexander"]
[Result "0-1"]
[WhiteElo "2435"]
[BlackElo "2450"]
[PlyCount "104"]
[EventDate "1995.08.06"]

1.e4 c5 2.Nf3 Nc6 3.d4 cxd4 4.Nxd4 Nf6 5.Nc3 e5 6.Ndb5 d6 7.Bg5 a6 8.Bxf6 
gxf6 9.Na3 b5 10.Nd5 f5 11.g3 fxe4 12.Bg2 Be6 13.Bxe4 Rc8 14.c3 Bg7 15.Qh5
Ne7 16.Rd1 Rc5 17.Nb4 Qb6 18.Qg5 Kf8 19.Qe3 h5 20.Nac2 Bh6 21.f4 Kg7 22.
Nd3 Rc6 23.Qxb6 Rxb6 24.fxe5 Bg4 25.Ra1 dxe5 26.O-O f6 27.a4 bxa4 28.Rxa4 
Rd8 29.Ncb4 Be2 30.Re1 Bxd3 31.Nxd3 f5 32.Nxe5 fxe4 33.Raxe4 Ng8 34.Rc4 
Rb7 35.Nf3 Rd6 36.Nd4 Rf6 37.b4 Re7 38.Rxe7+ Nxe7 39.Rc7 Be3+ 40.Kg2 Rf2+ 
41.Kh3 Kf6 42.Ra7 Bxd4 43.Rxa6+ Kg5 44.Ra5+ Nf5 45.cxd4 Kg6 46.Rd5 Ne3 47.
Rd8 Rd2 48.b5 Nf1 49.Rd6+ Kf5 50.Rd5+ Kf6 51.Rxh5 Rxh2+ 52.Kg4 Ne3+ 0-1

[Event "VI Open Gelso Bianco A"]
[Site "Catania ITA"]
[Date "1995.08.12"]
[Round "7"]
[White "Conquest, Stuart C."]
[Black "Efimov, Igor"]
[Result "1-0"]
[WhiteElo "2455"]
[BlackElo "2450"]
[PlyCount "55"]
[EventDate "1995.08.06"]

1.d4 Nf6 2.Nf3 e6 3.Bg5 h6 4.Bxf6 Qxf6 5.e4 d6 6.Nc3 Qd8 7.Qd2 Be7 8.O-O-O
a6 9.h4 Nc6 10.Qe3 Bd7 11.e5 d5 12.g4 b5 13.Ne2 Na5 14.Nf4 Nc4 15.Bxc4 
bxc4 16.g5 c5 17.g6 Qa5 18.gxf7+ Kxf7 19.Nxd5 Rab8 20.Rhg1 Bf8 21.dxc5 Ke8
22.Nc3 Bxc5 23.Qe4 Qb4 24.Rxg7 Qxb2+ 25.Kd2 Be7 26.Qg6+ Kd8 27.Rxe7 Qa3 
28.Rxd7+ 1-0

[Event "VI Open Gelso Bianco A"]
[Site "Catania ITA"]
[Date "1995.08.12"]
[Round "7"]
[White "Contin, Daniel"]
[Black "Genovese, Maurizio"]
[Result "1-0"]
[WhiteElo "2365"]
[BlackElo "2255"]
[PlyCount "97"]
[EventDate "1995.08.06"]

1.c4 e6 2.Nf3 Nf6 3.g3 c5 4.Bg2 Nc6 5.O-O d5 6.b3 Be7 7.e3 O-O 8.Qe2 d4 9.
exd4 Nxd4 10.Nxd4 Qxd4 11.Nc3 Rd8 12.Re1 Rb8 13.Rb1 a6 14.Nd5 Nxd5 15.Bb2 
Nf4 16.gxf4 Qxd2 17.Qe5 Bf6 18.Qxb8 Bxb2 19.Bf3 Bd4 20.Rf1 e5 21.Bxb7 exf4
22.Rbd1 Qe2 23.Qc7 Bxf2+ 24.Kh1 Re8 25.Bd5 Bh3 26.Qxf7+ Kh8 27.Rg1 Bxg1 
28.Rxg1 Qe7 29.Qxf4 Rf8 30.Qg3 Bf5 31.Re1 Qf6 32.Qc7 Bg4 33.Qg3 h5 34.Bg2 
Qd4 35.h3 Bd1 36.Qg6 Be2 37.Be4 Qxe4+ 38.Qxe4 Bf3+ 39.Kg1 Bxe4 40.Rxe4 Rd8
41.Re5 Rd2 42.Rxh5+ Kg8 43.Rxc5 Rxa2 44.Rc7 Rb2 45.Rb7 Kf8 46.h4 Ke8 47.h5
Kd8 48.Rxg7 Rxb3 49.h6 1-0

[Event "VI Open Gelso Bianco A"]
[Site "Catania ITA"]
[Date "1995.08.12"]
[Round "7"]
[White "Godena, Michele"]
[Black "Garcia Palermo, Carlos Horacio"]
[Result "1/2-1/2"]
[WhiteElo "2420"]
[BlackElo "2505"]
[PlyCount "85"]
[EventDate "1995.08.06"]

1.e4 c6 2.d4 d5 3.Nc3 dxe4 4.Nxe4 Bf5 5.Nc5 Qb6 6.Nf3 e6 7.Nb3 Nf6 8.Be2 
Be7 9.O-O O-O 10.Bf4 a5 11.Ne5 a4 12.Nc4 Qa7 13.Nc5 Nd5 14.Bd6 b6 15.Bxe7 
Nxe7 16.Nxa4 b5 17.Nab6 bxc4 18.Nxa8 c3 19.bxc3 Qxa8 20.a4 Qa5 21.Ra3 Nd7 
22.Bd3 Nb6 23.Bxf5 Nxf5 24.Qd3 Nd6 25.Rb1 Nbc4 26.Raa1 Qd5 27.h3 Na5 28.
Rb4 Ndc4 29.Rab1 g6 30.Rb8 Rxb8 31.Rxb8+ Kg7 32.Rb4 h5 33.Kf1 h4 34.Kg1 
Nd6 35.Rb1 Nac4 36.Ra1 Qa5 37.Qf3 Qb6 38.a5 Nxa5 39.Qf4 Nac4 40.Qxh4 Qb7 
41.Kh1 Nf5 42.Qd8 Qb2 43.Ra8 1/2-1/2

[Event "VI Open Gelso Bianco A"]
[Site "Catania ITA"]
[Date "1995.08.12"]
[Round "7"]
[White "Gueci, Riccardo"]
[Black "Rosino, Antonio"]
[Result "1/2-1/2"]
[WhiteElo "2175"]
[BlackElo "2320"]
[PlyCount "113"]
[EventDate "1995.08.06"]

1.e4 c5 2.Nf3 Nc6 3.Be2 Nf6 4.d3 d5 5.Nbd2 g6 6.c3 e5 7.O-O Bg7 8.Qc2 O-O 
9.Rd1 Re8 10.Nf1 h6 11.b3 Be6 12.Ng3 Qe7 13.h3 Rad8 14.Be3 Rd7 15.Rd2 d4 
16.cxd4 exd4 17.Bf4 g5 18.Be5 Nxe4 19.Nxe4 Nxe5 20.Nxc5 Rd5 21.Nxe6 fxe6 
22.Nxe5 Bxe5 23.Qd1 Rc5 24.Bg4 Bd6 25.Re2 Qf6 26.Re4 Re5 27.Qe2 Rxe4 28.
Qxe4 b6 29.Re1 e5 30.g3 Rf8 31.Qe2 Kg7 32.Kg2 Re8 33.Qe4 Re7 34.Rh1 Rf7 
35.Qe2 Bb4 36.Bf3 Rf8 37.Be4 Qe6 38.Qh5 Qf7 39.Qe2 Be7 40.Bf3 Qf6 41.h4 
Qd6 42.Be4 gxh4 43.gxh4 Rf4 44.h5 Bh4 45.f3 Bg5 46.Rh3 Qc5 47.Rg3 Rf8 48.
Qd2 Rf4 49.Qd1 Qc3 50.Qe2 Qc1 51.Rh3 Rf8 52.Rh1 Qd2 53.Re1 Qf4 54.Bg6 Bh4 
55.Qxe5+ Qxe5 56.Rxe5 Ra8 57.a4 1/2-1/2

[Event "VI Open Gelso Bianco A"]
[Site "Catania ITA"]
[Date "1995.08.12"]
[Round "7"]
[White "Ikonnikov, Vyacheslav"]
[Black "Agnello, Giuseppe"]
[Result "1-0"]
[WhiteElo "2540"]
[BlackElo "2160"]
[PlyCount "77"]
[EventDate "1995.08.06"]

1.d4 Nf6 2.Nf3 g6 3.c4 Bg7 4.Nc3 d6 5.e4 O-O 6.Be2 e5 7.O-O Nc6 8.d5 Ne7 
9.Ne1 Nd7 10.Be3 f5 11.f3 f4 12.Bf2 g5 13.a4 Nf6 14.c5 h5 15.a5 g4 16.cxd6
cxd6 17.Nb5 gxf3 18.gxf3 Bh3 19.Ng2 a6 20.Bb6 Qd7 21.Nc7 Rac8 22.Rc1 Ne8 
23.Ne6 Bxe6 24.dxe6 Qxe6 25.Qa4 Kh7 26.Bc4 Qh3 27.Rc2 Rf6 28.Rff2 Bf8 29.
Bf1 Qe6 30.Rxc8 Qxc8 31.Rc2 Nc6 32.Bxa6 bxa6 33.Qxc6 Qe6 34.Qb7+ Rf7 35.
Qxa6 d5 36.exd5 Qxd5 37.Qe2 Nd6 38.Rc5 Qd4+ 39.Kf1 1-0

[Event "VI Open Gelso Bianco A"]
[Site "Catania ITA"]
[Date "1995.08.12"]
[Round "7"]
[White "Kogan, Artur"]
[Black "Sax, Gyula"]
[Result "0-1"]
[WhiteElo "2495"]
[BlackElo "2550"]
[PlyCount "80"]
[EventDate "1995.08.06"]

1.e4 c5 2.Nc3 d6 3.g3 g6 4.Bg2 Bg7 5.Nf3 Nc6 6.d3 e6 7.Bg5 Nge7 8.Qd2 Nd4 
9.O-O h6 10.Be3 Nec6 11.Ne1 Qa5 12.a4 a6 13.Ra3 Bd7 14.h3 Rb8 15.g4 Qc7 
16.Nd1 b5 17.axb5 axb5 18.f4 b4 19.Ra1 f5 20.Bf2 O-O 21.Ne3 fxe4 22.Bxe4 
Rxf4 23.N3g2 Rf6 24.g5 hxg5 25.Qxg5 Rbf8 26.Nh4 Ne5 27.Kg2 Bc6 28.Rd1 
Bxe4+ 29.dxe4 Qb7 30.Qe3 Rf4 31.Kh2 Rxh4 32.Bxh4 Rxf1 33.Bf2 Bh6 34.Qg3 
Qxe4 35.Bg1 Bf4 36.c3 Bxg3+ 37.Kxg3 Rxg1+ 38.Kf2 Qe2+ 39.Kxg1 Ndf3+ 40.
Nxf3 Nxf3+ 0-1

[Event "VI Open Gelso Bianco A"]
[Site "Catania ITA"]
[Date "1995.08.12"]
[Round "7"]
[White "Marinelli, Tullio"]
[Black "Arlandi, Ennio"]
[Result "1/2-1/2"]
[WhiteElo "2440"]
[BlackElo "2455"]
[PlyCount "33"]
[EventDate "1995.08.06"]

1.d4 d5 2.c4 e6 3.Nc3 Be7 4.Nf3 Nf6 5.Bg5 O-O 6.e3 h6 7.Bh4 b6 8.Rc1 Bb7 
9.cxd5 Nxd5 10.Bxe7 Qxe7 11.Bc4 Nxc3 12.Rxc3 Rc8 13.O-O c5 14.Qe2 Nd7 15.
Rd1 Nf6 16.h3 Rc7 17.Ba6 1/2-1/2

[Event "VI Open Gelso Bianco A"]
[Site "Catania ITA"]
[Date "1995.08.12"]
[Round "7"]
[White "Moncher, Stefano"]
[Black "Parrella, Alfredo"]
[Result "1/2-1/2"]
[WhiteElo "2202"]
[BlackElo "2225"]
[PlyCount "60"]
[EventDate "1995.08.06"]

1.e4 e6 2.d4 d5 3.Nc3 dxe4 4.Nxe4 Qd5 5.Nc3 Bb4 6.Nf3 b6 7.Bd3 Bxc3+ 8.
bxc3 Ba6 9.O-O Nf6 10.Re1 Bxd3 11.Qxd3 Nbd7 12.c4 Qb7 13.a4 O-O 14.Bg5 h6 
15.Bh4 Nh7 16.Ra3 c5 17.d5 exd5 18.cxd5 Rfe8 19.Raa1 Nhf6 20.c4 Qa6 21.h3 
Rxe1+ 22.Rxe1 Qxa4 23.Re7 b5 24.cxb5 c4 25.Qd4 Qxb5 26.Bxf6 Nxf6 27.d6 Qd5
28.Qe5 Rd8 29.Rxa7 Qxd6 30.Rc7 Qb4 1/2-1/2

[Event "VI Open Gelso Bianco A"]
[Site "Catania ITA"]
[Date "1995.08.12"]
[Round "7"]
[White "Nurkic, Sahbaz"]
[Black "Fabiano, Giuseppe"]
[Result "1-0"]
[WhiteElo "2420"]
[BlackElo "2230"]
[PlyCount "65"]
[EventDate "1995.08.06"]

1.e4 e5 2.Nf3 d6 3.d4 exd4 4.Bc4 Nc6 5.c3 f5 6.Qb3 Nf6 7.exf5 d5 8.Bd3 Bd6
9.O-O O-O 10.Bg5 Kh8 11.Re1 dxc3 12.Nxc3 Nb4 13.Bb1 c6 14.a3 Na6 15.Qa4 
Nc5 16.Qh4 a5 17.Bc2 Bd7 18.Rab1 Qc8 19.Nd4 Nce4 20.Nxe4 dxe4 21.g4 c5 22.
Nb3 Bc6 23.Re3 h6 24.Bxh6 Kg8 25.Bg5 Kf7 26.Bxf6 Rh8 27.Qg5 Bxh2+ 28.Kg2 
gxf6 29.Qg6+ Ke7 30.Qg7+ Kd6 31.Rd1+ Ke5 32.Nxc5 Qg8 33.Qc7# 1-0

[Event "VI Open Gelso Bianco A"]
[Site "Catania ITA"]
[Date "1995.08.12"]
[Round "7"]
[White "Ochoa de Echaguen, Francisco Javier"]
[Black "Komnenic, Branko"]
[Result "1-0"]
[WhiteElo "2455"]
[BlackElo "2270"]
[PlyCount "73"]
[EventDate "1995.08.06"]

1.e4 c5 2.Nf3 d6 3.d4 cxd4 4.Nxd4 Nf6 5.Nc3 a6 6.Be3 e5 7.Nb3 Be6 8.Qd2 
Nbd7 9.f3 Be7 10.g4 h6 11.O-O-O Nb6 12.h4 Nfd7 13.Na5 Qc7 14.Be2 O-O-O 15.
Kb1 Kb8 16.Nd5 Bxd5 17.exd5 Rc8 18.c4 Qd8 19.Qb4 Nc5 20.Bd3 Ka8 21.h5 Rb8 
22.Bf5 Nc8 23.Qa3 Qc7 24.Rh2 Bg5 25.Bg1 e4 26.b4 Nd3 27.Bxe4 Ne5 28.Rc2 
Na7 29.Bd4 Bf4 30.Qb3 g6 31.a4 Rhf8 32.hxg6 fxg6 33.c5 Qe7 34.cxd6 Qd7 35.
Bxe5 Bxe5 36.Nc4 Nc8 37.Nxe5 1-0

[Event "VI Open Gelso Bianco A"]
[Site "Catania ITA"]
[Date "1995.08.12"]
[Round "7"]
[White "Scavo, Fernando"]
[Black "Stassi, Emilio"]
[Result "0-1"]
[WhiteElo "2260"]
[BlackElo "2155"]
[PlyCount "64"]
[EventDate "1995.08.06"]

1.d4 d5 2.c4 c6 3.Nc3 Nf6 4.Nf3 e6 5.cxd5 exd5 6.Bg5 Be7 7.e3 Nbd7 8.Bd3 
O-O 9.Qc2 Re8 10.O-O Nf8 11.Rab1 a5 12.a3 Ne4 13.Bxe7 Qxe7 14.b4 axb4 15.
axb4 Ng6 16.b5 Ra3 17.Bxe4 dxe4 18.Nd2 f5 19.bxc6 bxc6 20.Na4 f4 21.Nc4 f3
22.Nxa3 fxg2 23.Rfc1 Nh4 24.Nc4 Nf3+ 25.Kxg2 Bh3+ 26.Kh1 Qh4 27.Ne5 Rxe5 
28.dxe5 Bc8 29.Kg2 Qxh2+ 30.Kf1 Ba6+ 31.Qc4+ Bxc4+ 32.Rxc4 Qh1+ 0-1

[Event "VI Open Gelso Bianco A"]
[Site "Catania ITA"]
[Date "1995.08.12"]
[Round "7"]
[White "Vescovi Portilho, Giovanni"]
[Black "Miljanic, Boro"]
[Result "1/2-1/2"]
[WhiteElo "2465"]
[BlackElo "2380"]
[PlyCount "66"]
[EventDate "1995.08.06"]

1.Nf3 Nf6 2.b3 g6 3.Bb2 Bg7 4.e3 O-O 5.Be2 c5 6.O-O Nc6 7.d4 cxd4 8.exd4 
d5 9.c4 Ne4 10.Na3 Bf5 11.Nc2 dxc4 12.bxc4 Qa5 13.Ne3 Rfd8 14.g4 Bc8 15.
Qc2 Ng5 16.Bc3 Nxf3+ 17.Bxf3 Qg5 18.Bxc6 bxc6 19.Qe4 Rb8 20.Qxc6 Bxd4 21.
Qc7 Bxg4 22.Bxd4 Be2+ 23.Ng2 Bf3 24.Qg3 Qxg3 25.fxg3 Bxg2 26.Rf4 Bc6 27.
Bxa7 Rb2 28.Rf2 Rb7 29.Bc5 Rc8 30.Re1 Be4 31.Bd4 Rxc4 32.Rxe4 e5 33.Rxe5 
Rxd4 1/2-1/2

[Event "VI Open Gelso Bianco A"]
[Site "Catania ITA"]
[Date "1995.08.13"]
[Round "8"]
[White "Arlandi, Ennio"]
[Black "Ikonnikov, Vyacheslav"]
[Result "0-1"]
[WhiteElo "2455"]
[BlackElo "2540"]
[PlyCount "76"]
[EventDate "1995.08.06"]

1.d4 e6 2.c4 Bb4+ 3.Bd2 a5 4.Nc3 d6 5.Nf3 Nf6 6.Qc2 Nc6 7.a3 Bxc3 8.Bxc3 
Qe7 9.e4 e5 10.d5 Nb8 11.b4 axb4 12.axb4 Rxa1+ 13.Bxa1 O-O 14.g3 c6 15.Bg2
Na6 16.Qb1 cxd5 17.cxd5 Qc7 18.Nd2 Bd7 19.O-O Rc8 20.b5 Nb8 21.b6 Qc5 22.
Bb2 Qxb6 23.Ba3 Qa6 24.Qb4 Ne8 25.Rb1 b5 26.Bf1 Qa8 27.Rb3 Na6 28.Qa5 Nac7
29.Qb6 Rb8 30.Qe3 Rb7 31.Nb1 Qa7 32.Qd2 Rb6 33.Nc3 Ra6 34.Qb2 h6 35.Na2 
Nf6 36.Nb4 Ra4 37.Bd3 Ng4 38.Rc3 Nxf2 0-1

[Event "VI Open Gelso Bianco A"]
[Site "Catania ITA"]
[Date "1995.08.13"]
[Round "8"]
[White "Bellia, Fabrizio"]
[Black "Bouaziz, Slim"]
[Result "1/2-1/2"]
[WhiteElo "2300"]
[BlackElo "2435"]
[PlyCount "24"]
[EventDate "1995.08.06"]

1.e4 c5 2.Nf3 d6 3.d4 cxd4 4.Nxd4 Nf6 5.Nc3 a6 6.Be2 e5 7.Nb3 Be7 8.Be3 
Be6 9.Qd2 Nbd7 10.f4 exf4 11.Bxf4 Qc7 12.O-O-O Ne5 1/2-1/2

[Event "VI Open Gelso Bianco A"]
[Site "Catania ITA"]
[Date "1995.08.13"]
[Round "8"]
[White "Cherniaev, Alexander"]
[Black "Marinelli, Tullio"]
[Result "1-0"]
[WhiteElo "2450"]
[BlackElo "2440"]
[PlyCount "81"]
[EventDate "1995.08.06"]

1.e4 c5 2.c3 d5 3.exd5 Qxd5 4.d4 e6 5.Na3 cxd4 6.Nb5 Na6 7.Qxd4 Qxd4 8.
Nxd4 Nc7 9.Bf4 Nd5 10.Bg3 a6 11.Be2 Bc5 12.O-O-O b5 13.Bf3 Nge7 14.Nge2 
Ra7 15.Kb1 Rd7 16.Rc1 O-O 17.c4 bxc4 18.Rxc4 Ba7 19.Rhc1 Bb7 20.Nb3 Nf5 
21.Nc5 Bxc5 22.Rxc5 Nxg3 23.hxg3 g6 24.a3 Kg7 25.Nd4 Rb8 26.Nc6 Bxc6 27.
Rxc6 Rdb7 28.R1c2 Rb6 29.R6c5 Rb5 30.Ka2 Kf6 31.Bxd5 exd5 32.Rc6+ Ke5 33.
Rxa6 d4 34.b4 d3 35.Rd2 Rc8 36.f4+ Ke4 37.Rd6 Rd5 38.Rxd5 Kxd5 39.Rxd3+ 
Ke4 40.Rd2 Ke3 41.Rb2 1-0

[Event "VI Open Gelso Bianco A"]
[Site "Catania ITA"]
[Date "1995.08.13"]
[Round "8"]
[White "Efimov, Igor"]
[Black "Vescovi Portilho, Giovanni"]
[Result "0-1"]
[WhiteElo "2450"]
[BlackElo "2465"]
[PlyCount "90"]
[EventDate "1995.08.06"]

1.d4 Nf6 2.Nf3 g6 3.g3 Bg7 4.Bg2 O-O 5.O-O d6 6.Re1 Nbd7 7.e4 e5 8.Nc3 c6 
9.a4 Re8 10.h3 exd4 11.Nxd4 Nc5 12.a5 Ne6 13.Nb3 Qc7 14.Be3 Nd7 15.f4 f5 
16.exf5 gxf5 17.Qd3 Rf8 18.a6 bxa6 19.Na5 Ndc5 20.Qc4 Kh8 21.Bxc6 Rb8 22.
b4 Ne4 23.Nxe4 fxe4 24.Rab1 Ng5 25.Red1 Bxh3 26.Bd5 Qd7 27.Kf2 Bg2 28.Rg1 
Qg4 29.Rxg2 Qf3+ 30.Kg1 Qxe3+ 31.Kh1 Rxf4 32.Qe2 Qxe2 33.Rxe2 Rf5 34.c4 
Re8 35.Nc6 e3 36.Rbe1 Nf3 37.Rxe3 Rh5+ 38.Kg2 Nxe1+ 39.Kf2 Rxe3 40.Kxe3 
Rg5 41.Nxa7 Rxg3+ 42.Kf2 Rb3 43.Kxe1 Rxb4 44.Nc6 Rb6 45.Nd8 Bf6 0-1

[Event "VI Open Gelso Bianco A"]
[Site "Catania ITA"]
[Date "1995.08.13"]
[Round "8"]
[White "Fabiano, Giuseppe"]
[Black "Bellincampi, Stefano"]
[Result "1-0"]
[WhiteElo "2230"]
[BlackElo "2060"]
[PlyCount "83"]
[EventDate "1995.08.06"]

1.Nf3 Nf6 2.g3 d5 3.Bg2 c5 4.O-O Nc6 5.d4 e6 6.b3 b6 7.Bb2 Bb7 8.Nbd2 Be7 
9.c4 O-O 10.cxd5 exd5 11.Rc1 Rc8 12.dxc5 bxc5 13.Qc2 h6 14.Rfd1 Qd6 15.e3 
Rfd8 16.Bh3 Rc7 17.Nc4 dxc4 18.Rxd6 Rxd6 19.Qxc4 Nb4 20.Nd4 Ba6 21.Qxb4 
cxb4 22.Rxc7 Bd8 23.Rxa7 Ne4 24.Ra8 Nc3 25.Bxc3 bxc3 26.Bf5 g6 27.Bc2 Kg7 
28.b4 Bf6 29.b5 Bb7 30.Ra7 Bd5 31.a4 Bxd4 32.exd4 Bc4 33.Rc7 Rxd4 34.b6 
Bd5 35.Rxc3 Rb4 36.Rc5 Bb7 37.a5 Rb2 38.f4 Ra2 39.Kf2 Be4 40.Ke3 Bxc2 41.
Rxc2 Rxc2 42.b7 1-0

[Event "VI Open Gelso Bianco A"]
[Site "Catania ITA"]
[Date "1995.08.13"]
[Round "8"]
[White "Genovese, Maurizio"]
[Black "Martorelli, Antonio"]
[Result "1-0"]
[WhiteElo "2255"]
[BlackElo "2320"]
[PlyCount "49"]
[EventDate "1995.08.06"]

1.d4 Nf6 2.c4 g6 3.Nc3 Bg7 4.e4 d6 5.f4 O-O 6.Nf3 c5 7.d5 e6 8.dxe6 fxe6 
9.Bd3 Nh5 10.g3 Nc6 11.O-O e5 12.f5 Nf6 13.fxg6 hxg6 14.Ng5 Nd4 15.Nd5 Nh7
16.h4 Nf6 17.Bd2 Bd7 18.Kg2 Ng4 19.Rxf8+ Qxf8 20.Qg1 Bh6 21.Rf1 Bxg5 22.
Rxf8+ Rxf8 23.Bxg5 Bc6 24.Be7 Rf3 25.Qxd4 1-0

[Event "VI Open Gelso Bianco A"]
[Site "Catania ITA"]
[Date "1995.08.13"]
[Round "8"]
[White "Komnenic, Branko"]
[Black "Manca, Federico"]
[Result "0-1"]
[WhiteElo "2270"]
[BlackElo "2355"]
[PlyCount "152"]
[EventDate "1995.08.06"]

1.d4 Nf6 2.Nf3 c5 3.e3 g6 4.Be2 Bg7 5.O-O O-O 6.b3 cxd4 7.exd4 d5 8.Nbd2 
Nc6 9.Bb2 Bf5 10.Ne5 Rc8 11.c4 dxc4 12.Nxc6 Rxc6 13.bxc4 Qb6 14.Qb3 Rd8 
15.Bf3 Rc7 16.Rfd1 Bg4 17.h3 Bxf3 18.Nxf3 Rdc8 19.Rac1 Qa6 20.c5 e6 21.Rc4
Qc6 22.Ra4 a6 23.Ne5 Qd5 24.Nc4 Rd8 25.Qb6 Qd7 26.Ra3 Nd5 27.Qa5 Qc6 28.
Bc1 h6 29.Be3 Nxe3 30.fxe3 Rcd7 31.Nb6 Re7 32.Rad3 Qe4 33.Nc4 Red7 34.Nd6 
Qh4 35.e4 h5 36.e5 Bh6 37.Qe1 Qe7 38.Rb1 h4 39.Qe4 Bg5 40.Rxb7 Rxb7 41.
Nxb7 Rb8 42.Rb3 Bd2 43.c6 Qg5 44.Qg4 Qh6 45.Qf3 Rc8 46.Nd6 Rc7 47.Ne4 Rc8 
48.Kf1 Ba5 49.Rb1 Rd8 50.Rd1 Bb6 51.Nd6 f6 52.Ke2 fxe5 53.c7 Bxc7 54.Qf7+ 
Kh8 55.Qxc7 Qh5+ 56.Ke1 Rf8 57.Nf7+ Kg8 58.Nxe5 Rf1+ 59.Kxf1 Qxd1+ 60.Kf2 
Qd2+ 61.Kf3 Qd1+ 62.Kf4 Qd2+ 63.Kg4 Qxg2+ 64.Kxh4 Qf2+ 65.Kg4 Qg2+ 66.Kf4 
Qd2+ 67.Kg3 Qe1+ 68.Kg4 Qe4+ 69.Kg3 Qe1+ 70.Kf3 Qd1+ 71.Ke3 Qe1+ 72.Kf4 
Qd2+ 73.Kg3 Qe1+ 74.Kg4 Qe4+ 75.Kg5 Qf5+ 76.Kh4 Qf4+ 0-1

[Event "VI Open Gelso Bianco A"]
[Site "Catania ITA"]
[Date "1995.08.13"]
[Round "8"]
[White "Mifsud, Timothy"]
[Black "Lanzani, Mario"]
[Result "1/2-1/2"]
[WhiteElo "2165"]
[BlackElo "2330"]
[PlyCount "77"]
[EventDate "1995.08.06"]

1.e4 e6 2.d4 d5 3.Nc3 Bb4 4.e5 c5 5.a3 Ba5 6.b4 cxd4 7.Qg4 Ne7 8.Nb5 Bc7 
9.Qxg7 Rg8 10.Qxh7 Bxe5 11.Nf3 Bg7 12.Bh6 Bxh6 13.Qxh6 Nbc6 14.Qf4 Ng6 15.
Qc7 Bd7 16.Qxd8+ Rxd8 17.Nfxd4 Nxd4 18.Nxd4 e5 19.Nb5 Bxb5 20.Bxb5+ Ke7 
21.g3 e4 22.O-O-O Ne5 23.c3 Ke6 24.Kb2 f5 25.Be2 Rdf8 26.Rd4 f4 27.c4 fxg3
28.cxd5+ Kd6 29.hxg3 Rxf2 30.Rh6+ Rg6 31.Rxg6+ Nxg6 32.Rxe4 Kxd5 33.Re3 
Kd4 34.Rd3+ Ke4 35.Rd7 Rxe2+ 36.Kb3 b5 37.Rxa7 Re3+ 38.Ka2 Kd4 39.Rd7+ 
1/2-1/2